LEADER 00938nam a2200217 i 4500 001 000000012972 003 CaOOAMICUS 005 20190411112804.0 008 180830s1995 it u000 u ita u 040 $aSeMil$bita 100 1 $aGerosa, Guido.$0(OLS)http://semarc/name/6170 245 10$aNapoleone /$cGuido Gerosa. 260 $a[S.l.] :$bFamiglia Cristiana,$ccopyr. 1995-copyr. 1996. 300 $a2 v. ;$c21 cm. 600 04$aNapoleone I : Bonaparte .$0(OLS)http://semarc/subject/350 774 0 $aGerosa, Guido$t1.$bEd. speciale per "Famiglia Cristiana".$kProtagonisti$w()134949 774 0 $aGerosa, Guido$t2.$bEd. speciale per "Famiglia Cristiana".$kProtagonisti$w()134953 830 2$aI protagonisti.$0(OLS)http://semarc/title/5908 996 $6245$aNapoleone$9(OLS)http://semarc/title/17278 996 $6260$a[S.l.] :$bFamiglia Cristiana$9(OLS)http://semarc/publisher/33580 LEADER 00820nas a2200229 i 4500 001 000000208054 003 CaOOAMICUS 005 20120208000000.0 008 111110b2011 ne uu u0 0mul r 013 $a186837 040 $aSeMil$bita 245 10$a[2011 : 3]. 260 $aLeiden ; Boston :$bBrill,$ccopyr. 2011. 300 $aP. [341]-549 ;$c25 cm. 500 $aArticoli con sintesi in inglese [Abstract] in testa. 773 0 $tVetus Testamentum.$dLeiden : Brill, 1951.$x0042-4935$w()3098 774 0 $t[vedi periodico].$w()276292 850 $aSeMil 852 $aSeMil$W1$xVenegono$y1$m100 5 63$j158512$B158512$CSeMilBibl$Z2$F172281 $85 961 $aAbbonamento: Brill 996 $6245$a[2011 : 3]$9(OLS)http://semarc/title/297963 996 $6260$aLeiden ; Boston :$bBrill$9(OLS)http://semarc/publisher/39473